| 000 | 01218cam a22003734a 4500 | ||
|---|---|---|---|
| 001 | muse95536 | ||
| 003 | MdBmJHUP | ||
| 005 | 20210127151842.0 | ||
| 006 | m o d | ||
| 007 | cr||||||||nn|n | ||
| 008 | 000912s2001 xx o 00 0 eng d | ||
| 020 | _a9780700630929 | ||
| 020 | _z0700610758 | ||
| 020 | _z9780700610754 | ||
| 020 | _z0700610944 | ||
| 020 | _z9780700610945 | ||
| 035 | _a(OCoLC)1227916098 | ||
| 040 |
_aMdBmJHUP _cMdBmJHUP |
||
| 100 | 1 |
_aGill, Emily R. _d1944- |
|
| 245 | 1 | 0 |
_aBecoming Free _bAutonomy and Diversity in the Liberal Polity / _cEmily R. Gill |
| 264 | 1 | _bUniv. Press of Kansas | |
| 264 | 3 | _bProject MUSE, | |
| 300 | _a1 online resource (x, 292 Seiten) | ||
| 506 | 0 |
_aOpen Access _fUnrestricted online access _2star |
|
| 588 | _aDescription based on print version record. | ||
| 655 | 7 |
_aElectronic books. _2local |
|
| 710 | 2 |
_aProject Muse. _edistributor |
|
| 830 | 0 | _aBook collections on Project MUSE. | |
| 856 | 4 | 0 |
_zFull text available: _uhttps://muse.jhu.edu/book/81023/ |
| 999 |
_c27264 _d27264 |
||